Enhancing productivity in Padang Meiha Estate through human resource management (Record no. 58635)

MARC details
000 -LEADER
fixed length control field 00400nam a2200133Ia 4500
100 ## - MAIN ENTRY--AUTHOR NAME
Personal name Wan Mansor Bin Hj Wan Saleh
245 #0 - TITLE STATEMENT
Title Enhancing productivity in Padang Meiha Estate through human resource management
650 ## - SUBJECT ADDED ENTRY--TOPICAL TERM
Topical Term Human resource management
650 ## - SUBJECT ADDED ENTRY--TOPICAL TERM
Topical Term Rubber production
650 ## - SUBJECT ADDED ENTRY--TOPICAL TERM
Topical Term Rubber yield
700 ## - ADDED ENTRY--PERSONAL NAME
Personal name Wan Wai Mun
942 ## - ADDED ENTRY ELEMENTS (KOHA)
Koha item type Journals
Holdings
Withdrawn status Lost status Damaged status Not for loan Home library Current library Date acquired Koha item type
      Journals RRII Library RRII Library 17/12/2021 Journals